[Event "Frankfurt Ch A 2017"]
[Site "Ffm-Höchst, BiKuZ"]
[Date "2017.05.08"]
[Round "3.54"]
[White "Stricker, Konstantin"]
[Black "Hedrich, Gerd"]
[Result "1-0"]
[WhiteElo "1660"]
[BlackElo "1443"]
[PlyCount "65"]
[EventDate "2017.??.??"]
[WhiteTeam "SC Eschbach"]
[BlackTeam "Wiesbadener SV"]

1. e4 Nc6 2. Nf3 e5 3. Bb5 d6 4. d4 exd4 5. Nxd4 Bd7 6. Nxc6 bxc6 7. Bc4 g6 8.
O-O Bg7 9. c3 Qe7 10. Re1 Nh6 11. h3 O-O 12. Bf4 Kh8 13. Nd2 Ng8 14. Nf3 Bh6
15. Qd4+ Bg7 16. Qd2 Be6 17. Ba6 Bc8 18. Bd3 a6 19. Rad1 Rd8 20. Nd4 Bd7 21.
Bc2 c5 22. Nf3 Be6 23. a3 a5 24. Ng5 Rab8 25. Ba4 Bb3 26. Bxb3 Rxb3 27. Qd5
Bxc3 28. Qxb3 Bxe1 29. Nxf7+ Kg7 30. Nxd8 Bxf2+ 31. Kxf2 Qxd8 32. Qc3+ Nf6 33.
Bg5 1-0

[Event "Frankfurt Ch A 2017"]
[Site "Ffm-Höchst, BiKuZ"]
[Date "2017.05.08"]
[Round "3.55"]
[White "Bernhardt, Winfried"]
[Black "Fischer, Lutz"]
[Result "0-1"]
[WhiteElo "1458"]
[BlackElo "1609"]
[PlyCount "102"]
[EventDate "2017.??.??"]
[WhiteTeam "SV Nauheim"]
[BlackTeam "SF Frankfurt"]

1. e4 c5 2. Nf3 e6 3. Nc3 a6 4. d4 cxd4 5. Nxd4 Qc7 6. Be2 Nf6 7. O-O Bb4 8.
Qd3 O-O 9. Nd1 Nc6 10. c3 Ne5 11. Qc2 Bc5 12. Be3 Nfg4 13. h3 Nxe3 14. Nxe3 b5
15. b4 Ba7 16. Qd2 Bb7 17. f3 Rac8 18. Rac1 Ng6 19. c4 Qg3 20. c5 Bb8 21. f4
Bxe4 22. Bf3 Bxf4 23. Ne2 Qh2+ 24. Kf2 Bxf3 25. Nxf4 Qxf4 26. gxf3 Rfd8 27. a3
Qh2+ 28. Ng2 Qxh3 29. Rh1 Qf5 30. Qd4 Qe5 31. Qd2 Rc6 32. Ne3 f5 33. Rh5 Qf6
34. Rch1 d6 35. Qa2 d5 36. Rxh7 Qd4 37. Rd1 Qxd1 38. Rxg7+ Kxg7 39. Nxd1 Kf6
40. Ne3 d4 41. Nd1 Rh8 42. Kg3 f4+ 43. Kg2 Nh4+ 44. Kf2 Rg8 45. Kf1 Rg3 46. Qh2
Rxf3+ 47. Nf2 Ng6 48. Ke2 Rxa3 49. Kd1 Rc8 50. Ne4+ Kg7 51. Qa2 Rxa2 0-1

[Event "Frankfurt Ch A 2017"]
[Site "Ffm-Höchst, BiKuZ"]
[Date "2017.05.08"]
[Round "3.56"]
[White "Imelmann, Esther"]
[Black "Klikic, Drazen"]
[Result "1-0"]
[WhiteElo "1597"]
[BlackElo "1421"]
[PlyCount "69"]
[EventDate "2017.??.??"]
[WhiteTeam "Vorw.Orient Mainz"]
[BlackTeam "SC Nied"]

1. d4 d5 2. c4 e6 3. Nc3 Nf6 4. Nf3 Be7 5. Bg5 O-O 6. e3 h6 7. Bh4 Ne4 8. Bxe7
Qxe7 9. Qc2 Nd7 10. Bd3 Nxc3 11. Qxc3 dxc4 12. Qxc4 Nf6 13. Rc1 Nd5 14. a3 b6
15. O-O Bb7 16. Bb1 Rfe8 17. e4 Nf4 18. Rfe1 Rac8 19. b4 f5 20. Re3 Qf7 21. Ne5
Qh5 22. Rce1 c5 23. bxc5 bxc5 24. Rg3 cxd4 25. Qf1 Rc3 26. f3 Rxa3 27. Qb5 Re7
28. Qb4 d3 29. Bxd3 fxe4 30. Qxe7 Qxe5 31. Qxa3 Qd4+ 32. Kh1 Qf2 33. Qa1 e5 34.
Bxe4 Bxe4 35. fxe4 1-0

[Event "Frankfurt Ch A 2017"]
[Site "Ffm-Höchst, BiKuZ"]
[Date "2017.05.08"]
[Round "3.57"]
[White "Hagel, Stephan"]
[Black "Urbach, Jens"]
[Result "1-0"]
[WhiteElo "1570"]
[BlackElo "1407"]
[PlyCount "103"]
[EventDate "2017.??.??"]
[WhiteTeam "SK Hungen"]
[BlackTeam "SF Frankfurt"]

1. e4 e6 2. d3 Nc6 3. Nf3 d5 4. Nbd2 dxe4 5. dxe4 e5 6. Bc4 h6 7. O-O Nf6 8. h3
Bd6 9. Re1 O-O 10. b3 Re8 11. Bb2 Be6 12. Bb5 Bd7 13. Nc4 a6 14. Bxc6 Bxc6 15.
Nxd6 cxd6 16. Qd3 Qc7 17. c4 Rad8 18. Nd2 Rd7 19. f3 Nh5 20. Nf1 Nf4 21. Qd2
Re6 22. Ne3 Qb6 23. Rac1 Rg6 24. Kf1 Qd8 25. Rc2 Qg5 26. Kf2 Qg3+ 27. Kf1 Qh2
28. Re2 Nxh3 29. Ke1 Qg3+ 30. Kd1 Nf4 31. Rf2 Rg5 32. Nf1 Qh4 33. g3 Rxg3 34.
Nxg3 Qxg3 35. Qe3 Qg1+ 36. Kd2 Ng2 37. Qe2 Nf4 38. Qf1 Qg5 39. Kc3 b5 40. Bc1
Qd8 41. Bxf4 exf4 42. Kb2 b4 43. Rcd2 Qf6+ 44. Kb1 a5 45. Qd1 a4 46. Rd4 axb3
47. axb3 Ra7 48. Ra2 Ra3 49. Rxa3 bxa3 50. Ka2 Bxe4 51. fxe4 d5 52. exd5 1-0

[Event "Frankfurt Ch A 2017"]
[Site "Ffm-Höchst, BiKuZ"]
[Date "2017.05.08"]
[Round "3.58"]
[White "Lessmann, Sven"]
[Black "Lehmann, Gerit"]
[Result "1/2-1/2"]
[WhiteElo "1398"]
[BlackElo "1568"]
[PlyCount "164"]
[EventDate "2017.??.??"]
[WhiteTeam "SC Bad Soden"]
[BlackTeam "SF Frankfurt"]

1. d4 Nf6 2. Nf3 g6 3. e3 Bg7 4. Bd3 c5 5. c3 cxd4 6. exd4 d5 7. Nbd2 O-O 8.
O-O Nc6 9. Re1 Qc7 10. Nf1 Re8 11. h3 Nh5 12. Qd2 f5 13. b4 a6 14. a4 Bd7 15.
Rb1 Na7 16. b5 axb5 17. axb5 Nc8 18. Ne5 Nb6 19. Nxd7 Nxd7 20. Re6 Nf8 21. b6
Qd7 22. Re1 Qd6 23. Qe3 e5 24. dxe5 Rxe5 25. Qd2 Rae8 26. Rxe5 Rxe5 27. Ne3 Nd7
28. Nxd5 Kh8 29. c4 Re6 30. Qa5 Qe5 31. Bb2 Qb8 32. Bxg7+ Kxg7 33. Nc7 Re5 34.
Qc3 Nhf6 35. Ra1 Qf8 36. Ra8 Qc5 37. Rc8 Qxb6 38. Nd5 Qe6 39. Nxf6 Re1+ 40. Kh2
Nxf6 41. Rc7+ Kg8 42. c5 Qe5+ 43. Qxe5 Rxe5 44. Bc4+ Kh8 45. Rxb7 Rxc5 46. Rb8+
Kg7 47. Rb7+ Kh6 48. Bb3 Rc1 49. Rb6 Rb1 50. Rxf6 Rxb3 51. g3 Rb2 52. Kg2 Kg5
53. Re6 f4 54. Re5+ Kf6 55. gxf4 Rb3 56. f3 Rb2+ 57. Kg3 h5 58. Re3 Rd2 59. Kh4
Rg2 60. Rd3 Ke6 61. Re3+ Kf5 62. Re4 Rg1 63. Rc4 Rg2 64. Re4 Rg1 65. Rc4 Rf1
66. Kg3 h4+ 67. Kg2 Rd1 68. Re4 Rd2+ 69. Kg1 Rc2 70. Rd4 Re2 71. Rc4 Rd2 72.
Re4 g5 73. fxg5 Kxg5 74. Rg4+ Kh5 75. f4 Rd1+ 76. Kg2 Rd2+ 77. Kg1 Rd4 78. Rg5+
Kh6 79. Rg4 Kh5 80. Rg5+ Kh6 81. Rg4 Rd1+ 82. Kf2 Kh5 1/2-1/2

[Event "Frankfurt Ch B 2017"]
[Site "Ffm-Höchst, BiKuZ"]
[Date "2017.05.08"]
[Round "3.1"]
[White "Both, Günter"]
[Black "Bär, Christian"]
[Result "1/2-1/2"]
[WhiteElo "1427"]
[BlackElo "1469"]
[PlyCount "41"]
[EventDate "2017.??.??"]
[WhiteTeam "SK Bischofsheim"]
[BlackTeam "SC Steinbach"]

1. e4 e5 2. Nf3 Nc6 3. Bb5 a6 4. Ba4 b5 5. Bb3 Nf6 6. O-O Be7 7. Re1 O-O 8. c3
Bb7 9. d4 exd4 10. cxd4 d6 11. Bg5 h6 12. Bh4 Nd7 13. Bg3 Re8 14. e5 dxe5 15.
dxe5 Na5 16. Bxf7+ Kxf7 17. e6+ Kg8 18. Qxd7 Bc6 19. Qxc7 Bxf3 20. gxf3 Nc4 21.
Nc3 1/2-1/2

[Event "Frankfurt Ch B 2017"]
[Site "Ffm-Höchst, BiKuZ"]
[Date "2017.05.08"]
[Round "3.2"]
[White "Falk, Aniko Tim"]
[Black "Björknes, Uwe"]
[Result "0-1"]
[WhiteElo "1245"]
[BlackElo "1450"]
[PlyCount "64"]
[EventDate "2017.??.??"]
[WhiteTeam "SK Hungen"]
[BlackTeam "SC Bergen-Enkheim"]

1. e4 d5 2. e5 c5 3. Nf3 Nc6 4. d4 cxd4 5. Bf4 Qb6 6. b3 Bg4 7. Be2 Bxf3 8.
Bxf3 e6 9. O-O Nge7 10. c3 Ng6 11. Bg3 Be7 12. Bh5 Rc8 13. c4 dxc4 14. bxc4 O-O
15. Bxg6 hxg6 16. Nd2 Rfd8 17. Rc1 Ba3 18. Rb1 Qa6 19. Qb3 b6 20. Ne4 Be7 21.
Nd6 Bxd6 22. exd6 Na5 23. Qd3 Qxc4 24. Qxc4 Nxc4 25. Rbc1 e5 26. h4 f5 27. Rfe1
f4 28. Bh2 Kf7 29. g3 f3 30. g4 d3 31. Re4 d2 32. Rd1 Rxd6 0-1

[Event "Frankfurt Ch B 2017"]
[Site "Ffm-Höchst, BiKuZ"]
[Date "2017.05.08"]
[Round "3.3"]
[White "Gade, Bernt"]
[Black "Manasek, Martin"]
[Result "1-0"]
[WhiteElo "1447"]
[BlackElo "1362"]
[PlyCount "117"]
[EventDate "2017.??.??"]
[WhiteTeam "FV Berkersheim"]
[BlackTeam "Bad Vilbeler Sfr"]

1. e4 c5 2. Nf3 Nc6 3. d4 cxd4 4. Nxd4 d6 5. Nc3 Nf6 6. Bb5 Bd7 7. Be3 e5 8.
Nf5 Bxf5 9. exf5 Be7 10. O-O O-O 11. Bc4 a6 12. Nd5 Nxd5 13. Bxd5 Rc8 14. c3
Bg5 15. Qd2 Bxe3 16. Qxe3 Qf6 17. Qb6 Qd8 18. Qxb7 Ne7 19. Bb3 Nxf5 20. Qxa6 d5
21. Qd3 Ne7 22. Rad1 d4 23. cxd4 exd4 24. Qxd4 Qxd4 25. Rxd4 Nf5 26. Rd7 Rcd8
27. Rfd1 Rxd7 28. Rxd7 g6 29. Bc4 h5 30. b4 Nh6 31. f3 Rc8 32. Rd4 Nf5 33. Rf4
Kg7 34. Bb3 f6 35. Rc4 Rb8 36. a4 Nd6 37. Rd4 Nf5 38. Rd7+ Kh6 39. b5 Rc8 40.
Rd3 Rc1+ 41. Kf2 h4 42. b6 Rc8 43. a5 Rb8 44. Bd5 Ne7 45. f4 Rd8 46. Be4 Rb8
47. b7 f5 48. Bf3 Nc8 49. Rd8 Rxb7 50. Bxb7 Na7 51. a6 Nb5 52. Rd7 Na7 53. Bd5
Nc8 54. Rc7 Nb6 55. Rb7 Nc8 56. Be6 Nd6 57. Rb6 Ne4+ 58. Ke3 Nc5 59. a7 1-0

[Event "Frankfurt Ch B 2017"]
[Site "Ffm-Höchst, BiKuZ"]
[Date "2017.05.08"]
[Round "3.4"]
[White "Mayer, Andreas"]
[Black "Mayer, Rolf"]
[Result "0-1"]
[WhiteElo "1434"]
[BlackElo "1340"]
[PlyCount "58"]
[EventDate "2017.??.??"]
[WhiteTeam "SF Frankfurt"]
[BlackTeam "SC Flörsheim"]

1. e4 d6 2. d4 Nf6 3. Nc3 g6 4. f4 Bg7 5. Nf3 O-O 6. h4 Bg4 7. Be2 c5 8. e5 Nh5
9. Ne4 Qb6 10. c3 Na6 11. Qc2 Bf5 12. Nfg5 Ng3 13. Rh2 d5 14. Bf3 cxd4 15. Qf2
Nxe4 16. Bxe4 dxe4 17. cxd4 Nb4 18. Kf1 h5 19. Be3 Nd3 20. Qd2 Qxb2 21. Qxb2
Nxb2 22. Rb1 Nc4 23. Rb3 Rac8 24. g3 Nxe3+ 25. Rxe3 Rc1+ 26. Re1 Rxe1+ 27. Kxe1
Rd8 28. Rb2 b6 29. Rb4 f6 0-1

[Event "Frankfurt Ch B 2017"]
[Site "Ffm-Höchst, BiKuZ"]
[Date "2017.05.08"]
[Round "3.5"]
[White "Goodwin, David"]
[Black "Bakiev, Diyor"]
[Result "1/2-1/2"]
[WhiteElo "1456"]
[BlackElo "1077"]
[PlyCount "109"]
[EventDate "2017.??.??"]
[WhiteTeam "SV Kelsterbach"]
[BlackTeam "SV Ffm-Griesheim"]

1. Nf3 Nf6 2. g3 g6 3. Bg2 Bg7 4. d3 d5 5. Nbd2 O-O 6. O-O c5 7. c4 Nc6 8. a3
Bf5 9. Nh4 Bc8 10. cxd5 Nxd5 11. Rb1 Be6 12. e4 Nf6 13. Nc4 Qd7 14. Be3 b6 15.
Nf3 Ne8 16. Ng5 Nc7 17. Nxe6 Nxe6 18. Bh3 Rfd8 19. Bxe6 Qxe6 20. Qe2 Nd4 21.
Bxd4 Bxd4 22. Ne3 Rac8 23. Nc2 Rc7 24. b3 Rb7 25. Kg2 Rd5 26. Qf3 Rh5 27. h4
Rd7 28. Ne3 Bxe3 29. Qxe3 Kg7 30. f4 Rd4 31. Qf3 Qf6 32. e5 Qe6 33. Rfe1 Qd5
34. Qxd5 Rxd5 35. Rbd1 f6 36. exf6+ Kxf6 37. Kf3 Rd4 38. Re3 Rhd5 39. g4 h6 40.
g5+ hxg5 41. fxg5+ Kf7 42. Kg3 Rd8 43. Rf1+ Ke8 44. Rff3 R8d6 45. Kh3 a6 46.
Rg3 Kf8 47. h5 gxh5 48. g6 Rg4 49. Rgf3+ Kg7 50. Rxe7+ Kxg6 51. Rfe3 Kf6 52.
Re8 Kf7 53. R8e7+ Kf6 54. Rh7 Kg6 55. Rhe7 1/2-1/2

[Event "Frankfurt Ch B 2017"]
[Site "Ffm-Höchst, BiKuZ"]
[Date "2017.05.08"]
[Round "3.6"]
[White "Häfner, Günther"]
[Black "Kiel, Gerhard"]
[Result "1/2-1/2"]
[WhiteElo "940"]
[BlackElo "1441"]
[PlyCount "97"]
[EventDate "2017.??.??"]
[WhiteTeam "FV Berkersheim"]
[BlackTeam "vereinslos"]

1. e4 c5 2. Nf3 g6 3. d4 cxd4 4. Qxd4 f6 5. Bc4 e6 6. O-O Nc6 7. Qe3 Bg7 8. Nc3
Nge7 9. b3 a6 10. Bb2 b5 11. Be2 Qc7 12. Nd4 O-O 13. Nxc6 Nxc6 14. a3 Rb8 15.
Bd3 d6 16. Ne2 Ne7 17. Rac1 Bd7 18. Nf4 Qc5 19. Qxc5 dxc5 20. Rcd1 g5 21. Nh5
Bh8 22. Rfe1 Be8 23. Ng3 h5 24. Re3 h4 25. Nf1 Bf7 26. Be2 Rbd8 27. Rxd8 Rxd8
28. Bd3 Nc6 29. h3 Nd4 30. Nh2 Bh5 31. Bxd4 Rxd4 32. f3 e5 33. Kf2 Bg7 34. Nf1
Bf8 35. Nd2 Bf7 36. c3 Rd8 37. Ke2 Rc8 38. c4 Be8 39. Nb1 b4 40. a4 Rd8 41. Nd2
Bh6 42. Bc2 Rd4 43. Rd3 Bg6 44. Rxd4 exd4 45. Bd3 Kf7 46. Nf1 Ke6 47. Nh2 Bf8
48. Nf1 Bd6 49. Kf2 1/2-1/2

[Event "Frankfurt Ch B 2017"]
[Site "Ffm-Höchst, BiKuZ"]
[Date "2017.05.08"]
[Round "3.7"]
[White "Ullrich, Lars"]
[Black "Dröser, Wolfgang"]
[Result "1/2-1/2"]
[WhiteElo "1246"]
[BlackElo "1311"]
[PlyCount "49"]
[EventDate "2017.??.??"]
[WhiteTeam "SC Ehrenberg"]
[BlackTeam "SC Sulzbach"]

1. d4 g6 2. c4 Bg7 3. Nc3 d6 4. Nf3 c6 5. e3 Qc7 6. Be2 Nd7 7. O-O a6 8. a4 e5
9. Re1 Ne7 10. b3 Nf6 11. Qc2 Bf5 12. Bd3 Bd7 13. h3 h5 14. Bb2 Nh7 15. d5 c5
16. e4 O-O 17. Rab1 Bf6 18. Ba3 b6 19. b4 cxb4 20. Bxb4 Ng5 21. Re3 Nc8 22. Ra1
Na7 23. h4 Nxf3+ 24. Rxf3 Bxh4 25. Re3 1/2-1/2

[Event "Frankfurt Ch B 2017"]
[Site "Ffm-Höchst, BiKuZ"]
[Date "2017.05.08"]
[Round "3.8"]
[White "Brunner, Andreas"]
[Black "Arnold, Aaron"]
[Result "1-0"]
[WhiteElo "1353"]
[BlackElo "1163"]
[PlyCount "157"]
[EventDate "2017.??.??"]
[WhiteTeam "FV Berkersheim"]
[BlackTeam "SC Frankfurt-West"]

1. d4 Nf6 2. e3 d5 3. c4 c6 4. Nf3 Bg4 5. Bd3 Nbd7 6. Nbd2 e5 7. dxe5 Nxe5 8.
Be2 Nxf3+ 9. Nxf3 dxc4 10. O-O b5 11. Qc2 Qc7 12. a4 Bd6 13. g3 h5 14. Nd4 Bh3
15. Rd1 h4 16. Nf5 Bxf5 17. Qxf5 hxg3 18. Rxd6 gxf2+ 19. Qxf2 Qxd6 20. axb5
cxb5 21. Bf3 Qb8 22. Bxa8 Qxa8 23. Qf4 Qd8 24. Qe5+ Kf8 25. Rxa7 Qd1+ 26. Kg2
Qe2+ 27. Kg1 Qd1+ 28. Kg2 Qg4+ 29. Kf1 Qe6 30. Ra8+ Ne8 31. Qxe6 fxe6 32. Kg2
Rh5 33. Bd2 Kf7 34. Bc3 Nd6 35. Ra7+ Ke8 36. Ra8+ Kd7 37. Bb4 Rg5+ 38. Kf1 Re5
39. Ra7+ Kc8 40. Bxd6 Rxe3 41. Rxg7 Rb3 42. Be5 b4 43. Rc7+ Kd8 44. Rxc4 Kd7
45. Ke2 Ke8 46. Kd2 Kf7 47. Kc2 Re3 48. Bg3 Re2+ 49. Kb3 Kf6 50. Rxb4 Kf5 51.
Kc3 e5 52. Kd3 Rg2 53. Re4 Rxb2 54. Bxe5 Rd2+ 55. Kxd2 Kxe4 56. Bc7 Kf5 57. Kd3
Kg4 58. Ke4 Kh3 59. Kf5 Kh4 60. Kg6 Kg4 61. Kh6 Kh4 62. Kg6 Kg4 63. Kf6 Kh4 64.
Kf5 Kh5 65. Kf4 Kh4 66. Kf3 Kh3 67. Kf2 Kh4 68. Kg2 Kh5 69. Kg3 Kg5 70. h4+ Kh5
71. Bf4 Kg6 72. Kg4 Kg7 73. Kh5 Kh7 74. Be5 Kg8 75. Kg6 Kf8 76. h5 Ke7 77. h6
Ke6 78. Bf6 Kd7 79. h7 1-0

[Event "Frankfurt Ch B 2017"]
[Site "Ffm-Höchst, BiKuZ"]
[Date "2017.05.08"]
[Round "3.9"]
[White "Arnold, Jan"]
[Black "Mongi, Mario"]
[Result "1-0"]
[WhiteElo "1114"]
[BlackElo "1312"]
[PlyCount "56"]
[EventDate "2017.??.??"]
[WhiteTeam "SC Frankfurt-West"]
[BlackTeam "SC Sulzbach"]

1. c4 Nf6 2. Nc3 g6 3. g3 Bg7 4. Bg2 d6 5. Nf3 O-O 6. O-O Nc6 7. d3 Bd7 8. Bd2
Re8 9. Re1 e5 10. Bg5 h6 11. Bd2 Rb8 12. Qc1 Kh7 13. e4 Nb4 14. Bf1 Bg4 15. Nh4
Qd7 16. a3 Nc6 17. Ne2 g5 18. Ng2 Bf3 19. Ne3 g4 20. Nf5 Ng8 21. Bg2 Bxe2 22.
Rxe2 Nge7 23. Nxg7 Nd4 24. Re1 Nb3 25. Nxe8 Nxc1 26. Nf6+ Kg7 27. Nxd7 Rd8 28.
Raxc1 Rxd7 1-0

[Event "Frankfurt Ch B 2017"]
[Site "Ffm-Höchst, BiKuZ"]
[Date "2017.05.08"]
[Round "3.10"]
[White "Grünzig, Matthias"]
[Black "Hartwig, Horst"]
[Result "1-0"]
[WhiteElo "1312"]
[BlackElo "1156"]
[PlyCount "119"]
[EventDate "2017.??.??"]
[WhiteTeam "FV Berkersheim"]
[BlackTeam "vereinslos"]

1. d4 e6 2. c4 d5 3. Nc3 Bb4 4. Bd2 Ne7 5. a3 Bd6 6. c5 Bxh2 7. Rxh2 O-O 8. Qc2
Ng6 9. Nf3 Nc6 10. e3 e5 11. Bb5 e4 12. Bxc6 bxc6 13. Ng1 Qg5 14. Nce2 Ba6 15.
Ba5 Bd3 16. Qd1 Rab8 17. b4 Rb7 18. Nc1 Bc4 19. Qh5 Qxh5 20. Rxh5 f5 21. Nh3 f4
22. Nxf4 Nxf4 23. exf4 Rxf4 24. Ne2 Bxe2 25. Kxe2 g6 26. Ke3 Rf7 27. Rh4 Rb8
28. Rf4 Rbf8 29. Rxf7 Rxf7 30. Rh1 Kg7 31. Rh4 g5 32. Rh3 Kg6 33. g4 a6 34. f3
exf3 35. Rxf3 Re7+ 36. Kd3 h5 37. gxh5+ Kxh5 38. Re3 Rf7 39. Re5 Kh4 40. Re6 g4
41. Rh6+ Kg3 42. Rxc6 Kf3 43. Bxc7 g3 44. Bxg3 Kxg3 45. Rxa6 Rf3+ 46. Kc2 Rf2+
47. Kb3 Rf3+ 48. Ka4 Rd3 49. Rd6 Rxd4 50. Kb5 Kf4 51. a4 Ke5 52. a5 Rd1 53. a6
d4 54. a7 Ra1 55. Kb6 Ke4 56. Rd8 d3 57. a8=Q+ Rxa8 58. Rxa8 Ke3 59. Rd8 d2 60.
Rxd2 1-0

[Event "Frankfurt Ch B 2017"]
[Site "Ffm-Höchst, BiKuZ"]
[Date "2017.05.08"]
[Round "3.11"]
[White "Winter, Thomas"]
[Black "Misevich, Saveliy"]
[Result "1-0"]
[WhiteElo "1303"]
[BlackElo "1114"]
[PlyCount "173"]
[EventDate "2017.??.??"]
[WhiteTeam "SV Oberursel"]
[BlackTeam "SC Frankfurt-West"]

1. e4 e5 2. Nf3 Nc6 3. d4 exd4 4. c3 Nf6 5. e5 Nd5 6. cxd4 d6 7. Bc4 Nb6 8. Bb5
a6 9. Bxc6+ bxc6 10. Qc2 Rb8 11. Qxc6+ Qd7 12. Qe4 Bb7 13. Qe2 d5 14. O-O Be7
15. Bg5 O-O 16. Bxe7 Qxe7 17. b3 c5 18. Nc3 cxd4 19. Nxd4 Qc5 20. Qd2 Rfe8 21.
Rfe1 Re7 22. Rac1 Qc8 23. Nxd5 Qd7 24. Nxb6 Qg4 25. Nc6 Re6 26. Rc4 Qg6 27. Qc2
Bxc6 28. Qxg6 Rxg6 29. Rxc6 Rxc6 30. Nd5 Rb7 31. Rd1 h6 32. Ne3 g6 33. g3 h5
34. Kg2 Kf8 35. Nc4 Rc5 36. Rd3 a5 37. Rf3 Re7 38. Rf4 Kg7 39. Re4 Kf8 40. f4
f5 41. Rd4 Rec7 42. Rd6 R7c6 43. Rd8+ Kg7 44. Ra8 Rc7 45. Kh3 Rxc4 46. bxc4
Rxc4 47. Rxa5 Rc6 48. a4 Kf7 49. Ra7+ Ke6 50. a5 Rc8 51. Rb7 Ra8 52. Rb6+ Kf7
53. a6 Kg7 54. Kh4 Kh6 55. e6 Ra7 56. Kh3 Re7 57. Kg2 g5 58. fxg5+ Kxg5 59. Kf3
Kf6 60. h4 Ke5 61. Ke3 Kd5 62. Kf4 Kc5 63. Rb8 Kc6 64. Kxf5 Ra7 65. Rh8 Kd6 66.
Rxh5 Rxa6 67. Rh6 Ke7 68. Rh7+ Kf8 69. Kf6 Kg8 70. Rc7 Ra8 71. Rg7+ Kh8 72. e7
Ra6+ 73. Kf7 Rf6+ 74. Ke8 Kxg7 75. Kd7 Rf7 76. Kd8 Rxe7 77. Kxe7 Kg6 78. Ke6
Kh5 79. Kf5 Kh6 80. Kg4 Kg7 81. Kg5 Kh7 82. g4 Kh8 83. Kf6 Kg8 84. g5 Kh8 85.
Kf7 Kh7 86. g6+ Kh6 87. g7 1-0

[Event "Frankfurt Ch B 2017"]
[Site "Ffm-Höchst, BiKuZ"]
[Date "2017.05.08"]
[Round "3.12"]
[White "Wundram, Till"]
[Black "Schäfer, Dieter"]
[Result "1-0"]
[WhiteElo "917"]
[BlackElo "1294"]
[PlyCount "121"]
[EventDate "2017.??.??"]
[WhiteTeam "vereinslos"]
[BlackTeam "SV Ffm-Griesheim"]

1. d4 d5 2. Nf3 Nf6 3. e3 Bf5 4. b3 e6 5. Nh4 Bd6 6. Nxf5 exf5 7. Bd3 Qd7 8.
O-O Nc6 9. a3 a6 10. Bb2 O-O-O 11. Nd2 Rde8 12. Re1 g6 13. Rc1 Re7 14. c4 Re6
15. Qf3 Ne4 16. cxd5 Nxd2 17. Qe2 Bxh2+ 18. Kxh2 Qxd5 19. Qxd2 Qd6+ 20. Kg1 Rd8
21. Rc5 Re7 22. Rec1 Nb8 23. Bc3 b6 24. Rc4 Red7 25. Bb4 c5 26. dxc5 Qxd3 27.
Qxd3 Rxd3 28. cxb6+ Kb7 29. Rc7+ Kxb6 30. Rxf7 Rd1+ 31. Rxd1 Rxd1+ 32. Kh2 Rd7
33. Rf6+ Kb7 34. Kg3 Nc6 35. Rd6 Rc7 36. Bc5 Nb8 37. b4 Nd7 38. Bd4 Nb8 39.
Rb6+ Kc8 40. Be5 Rb7 41. Rxb7 Kxb7 42. Kf4 Nd7 43. Bg7 Nb6 44. Kg5 Nc4 45. Kh6
Nxa3 46. Kxh7 Nc4 47. Kxg6 a5 48. bxa5 Nxa5 49. Kxf5 Nc6 50. g4 Ne7+ 51. Kg5
Kc7 52. f4 Kd7 53. f5 Nd5 54. f6 Ke8 55. Kg6 Ne7+ 56. fxe7 Kxe7 57. Bf6+ Kf8
58. e4 Kg8 59. Be7 Kh8 60. Bd6 Kg8 61. e5 1-0

[Event "Frankfurt Ch B 2017"]
[Site "Ffm-Höchst, BiKuZ"]
[Date "2017.05.08"]
[Round "3.18"]
[White "Pessotschinski, Eduard"]
[Black "Ratfai, Miksa"]
[Result "1-0"]
[WhiteElo "1155"]
[BlackElo "1102"]
[PlyCount "71"]
[EventDate "2017.??.??"]
[WhiteTeam "TuS Makkabi"]
[BlackTeam "SC Bad Soden"]

1. e4 e5 2. Nf3 Nc6 3. d4 d6 4. dxe5 dxe5 5. Qxd8+ Kxd8 6. Bb5 Nge7 7. Nc3 Bg4
8. Ng5 h6 9. Nxf7+ Ke8 10. Nxh8 a6 11. Bxc6+ Nxc6 12. O-O Bh5 13. Be3 g5 14.
Nd5 Kd8 15. Nf6 Be2 16. Rfe1 Bc4 17. Red1+ Ke7 18. Nd5+ Kd8 19. Nb6+ Ke8 20.
Nxc4 Nb4 21. c3 Nc6 22. Ng6 Kf7 23. Ngxe5+ Nxe5 24. Nxe5+ Ke6 25. f4 gxf4 26.
Bxf4 Bg7 27. Ng4 Rf8 28. Bxh6 Bxh6 29. Nxh6 Rh8 30. Ng4 Rg8 31. h3 Rg7 32. Rd8
c6 33. Rad1 Re7 34. R8d6+ Kf7 35. Nh6+ Kf8 36. Rd8+ 1-0

[Event "Frankfurt Ch B 2017"]
[Site "Ffm-Höchst, BiKuZ"]
[Date "2017.05.08"]
[Round "3.19"]
[White "Fredershausen, Kurt"]
[Black "Burkart, Lloyd Shang"]
[Result "1/2-1/2"]
[WhiteElo "998"]
[BlackElo "774"]
[PlyCount "56"]
[EventDate "2017.??.??"]
[WhiteTeam "SC Bad Soden"]
[BlackTeam "TuS Makkabi"]

1. e4 Nf6 2. Nc3 e5 3. Nf3 Nc6 4. h3 Bc5 5. a3 a5 6. Bc4 d6 7. Ng5 Be6 8. Bxe6
fxe6 9. Nxe6 Qe7 10. Nxc5 dxc5 11. d3 O-O 12. Ne2 Rad8 13. O-O c4 14. Nc3 Qd7
15. Be3 cxd3 16. Bg5 dxc2 17. Qxd7 Rxd7 18. Be3 Nd4 19. Rac1 Rfd8 20. Bxd4 Rxd4
21. Rxc2 Nxe4 22. Nxe4 Rxe4 23. Rxc7 b5 24. Rfc1 Re2 25. b4 axb4 26. axb4 Rb2
27. R7c5 Rxb4 28. Rxe5 Rb8 1/2-1/2

[Event "Frankfurt Ch A 2017"]
[Site "Ffm-Höchst, BiKuZ"]
[Date "2017.05.15"]
[Round "4.1"]
[White "Hovsepyan, Vardan"]
[Black "Poetsch, Hagen"]
[Result "0-1"]
[WhiteElo "2149"]
[BlackElo "2474"]
[PlyCount "91"]
[EventDate "2017.??.??"]
[WhiteTeam "FVS ASP Hoyerswerda"]
[BlackTeam "SF Schöneck"]

1. e4 e6 2. d4 d5 3. Nc3 Nf6 4. Bg5 dxe4 5. Nxe4 Be7 6. Bxf6 gxf6 7. Be2 f5 8.
Ng3 c5 9. Nf3 Nc6 10. dxc5 Qa5+ 11. c3 Qxc5 12. Qc2 Bd7 13. O-O h5 14. h4 Bd6
15. Nh1 O-O-O 16. a3 Ne5 17. Rfd1 Bc6 18. Ng5 Be7 19. b4 Qb6 20. c4 Bxg5 21.
hxg5 Rhg8 22. Qc3 Rxd1+ 23. Rxd1 Qc7 24. Qe3 f4 25. Qxa7 f3 26. gxf3 Nxf3+ 27.
Kf1 Nh2+ 28. Ke1 Bxh1 29. Rd3 Ng4 30. Rh3 Bg2 31. Rxh5 Qe5 32. Qc5+ Qxc5 33.
bxc5 Ne5 34. g6 f5 35. Kd2 Rxg6 36. Rh7 Bf3 37. Bxf3 Nxf3+ 38. Kc3 Ne5 39. Kb4
Nd7 40. f4 Rg1 41. a4 Rb1+ 42. Ka5 e5 43. Rf7 Nxc5 44. Rf8+ Kd7 45. Rf6 Kc7 46.
fxe5 0-1

[Event "Frankfurt Ch A 2017"]
[Site "Ffm-Höchst, BiKuZ"]
[Date "2017.05.15"]
[Round "4.2"]
[White "Milov, Leonid"]
[Black "Chandler, Patrick"]
[Result "1-0"]
[WhiteElo "2391"]
[BlackElo "2121"]
[PlyCount "45"]
[EventDate "2017.??.??"]
[WhiteTeam "SC Noris-Tarrasch Nürnberg"]
[BlackTeam "SC Nied"]

1. e4 e6 2. Nf3 b6 3. d4 Bb7 4. Bd3 c5 5. c3 d6 6. O-O Nd7 7. Re1 Ngf6 8. e5
dxe5 9. dxe5 Nd5 10. a3 h6 11. c4 Ne7 12. Nc3 Nc6 13. h4 Be7 14. h5 a6 15. Bf4
Qc7 16. Nd5 exd5 17. cxd5 Nd8 18. d6 Qc8 19. e6 Bf6 20. exf7+ Kxf7 21. Bc4+ Kf8
22. Qe2 g5 23. Qe8+ 1-0

[Event "Frankfurt Ch A 2017"]
[Site "Ffm-Höchst, BiKuZ"]
[Date "2017.05.15"]
[Round "4.3"]
[White "Uwira, Oliver"]
[Black "Nagelsdiek, Ralf"]
[Result "1-0"]
[WhiteElo "2230"]
[BlackElo "2003"]
[PlyCount "75"]
[EventDate "2017.??.??"]
[WhiteTeam "SC Nied"]
[BlackTeam "SC Bad Soden"]

1. d4 Nf6 2. c4 g6 3. Nc3 Bg7 4. e4 d6 5. f3 O-O 6. Nge2 Nc6 7. Be3 a6 8. Qd2
Rb8 9. Rc1 h5 10. Nd1 e5 11. d5 Ne7 12. Nf2 c6 13. Nc3 b5 14. dxc6 bxc4 15.
Bxc4 Nxc6 16. O-O Nd4 17. Rfd1 Qa5 18. b3 Bb7 19. Bh6 Rfd8 20. Qg5 Bxh6 21.
Qxh6 d5 22. exd5 Nxd5 23. Nce4 Qb6 24. Qg5 Qe6 25. Nc5 Qf6 26. Qxf6 Nxf6 27.
Nxb7 Rxb7 28. Re1 Re7 29. Nd3 e4 30. fxe4 Rxe4 31. Nc5 Rg4 32. Rf1 Nf5 33. Rce1
a5 34. a4 Nd5 35. h3 Rd4 36. Rf2 Nfe3 37. Bb5 f5 38. Ne6 1-0

[Event "Frankfurt Ch A 2017"]
[Site "Ffm-Höchst, BiKuZ"]
[Date "2017.05.15"]
[Round "4.4"]
[White "Zimpfer, Andreas"]
[Black "Minor, Samuel"]
[Result "0-1"]
[WhiteElo "1822"]
[BlackElo "2186"]
[PlyCount "52"]
[EventDate "2017.??.??"]
[WhiteTeam "SC Matt im Park"]
[BlackTeam "Wiesbadener SV"]

1. d4 d6 2. c4 f5 3. Nc3 Nf6 4. Nf3 g6 5. g3 Bg7 6. Bg2 O-O 7. O-O c6 8. Qc2
Na6 9. b3 Qc7 10. Bb2 e5 11. dxe5 dxe5 12. Rad1 e4 13. Nd4 Re8 14. f3 f4 15.
Nxe4 Nxe4 16. fxe4 fxg3 17. h3 Qe5 18. Bc1 Nc5 19. Bf4 Qh5 20. e3 Bxh3 21. Bxg3
Qg4 22. Ne2 Be5 23. Rf3 Nxe4 24. Kh2 Bxg2 25. Kxg2 Ng5 26. Rff1 Qh3+ 0-1

[Event "Frankfurt Ch A 2017"]
[Site "Ffm-Höchst, BiKuZ"]
[Date "2017.05.15"]
[Round "4.5"]
[White "Rolf, Marco"]
[Black "Prenzler, Daniel"]
[Result "1/2-1/2"]
[WhiteElo "2038"]
[BlackElo "2253"]
[PlyCount "47"]
[EventDate "2017.??.??"]
[WhiteTeam "SK Bad Homburg"]
[BlackTeam "SC Nied"]

1. d4 Nf6 2. c4 c5 3. d5 b5 4. cxb5 a6 5. b6 e6 6. Nc3 Nxd5 7. Nxd5 exd5 8.
Qxd5 Nc6 9. Nf3 Rb8 10. Ne5 Qf6 11. Nxc6 dxc6 12. Qe4+ Be7 13. g3 Rxb6 14. Bg2
O-O 15. O-O Be6 16. Bf4 Qd4 17. b3 Qxe4 18. Bxe4 c4 19. bxc4 Bxc4 20. Rfc1 Bf6
21. Be3 Rbb8 22. Rab1 Rxb1 23. Bxb1 Bxe2 24. Be4 1/2-1/2